Statistics for Italy National Team - Captains

Click here to take the quiz!

General Stats

  • This quiz has been taken 24 times
  • The average score is 5 of 10

Answer Stats

GamesPlayer% Correct
80Gianluigi Buffon
95%
74Paolo Maldini
86%
59Dino Zoff
76%
79Fabio Cannavaro
71%
31Franco Baresi
67%
26Leonardo Bonucci
48%
33Giuseppe Bergomi
33%
70Giacinto Facchetti
29%
27Adolfo Baloncieri
10%
26Renzo De Vecchi
10%

Score Distribution

Percentile by Number Answered

Percent of People with Each Score

Your Score History

You have not taken this quiz